000 00800nam a2200229Ia 4500
003 GCL
008 140319s9999 xx 000 0 ara d
020 _a7345346977
040 _aGCL /
_cGCL
082 0 4 _a291
_bج م
100 1 _aجيزن ، كارلوتا
245 1 0 _aمعركة هرمجدون و تاسيس مملكة الرب :
_bفى التوراة و الانجيل و القران /
_cجيزن ، كارلوتا
700 1 _aاحمد على احمد على
700 1 _aالسيد محمد عاشور
250 _aالاولى
260 _aسوريا :
_bدار الكتاب العربى ،
_c2002
300 _a150 ص ؛
_c24 سم
650 0 4 _aالمعارك الحربية
650 0 4 _aالدين المقارن
650 0 4 _aمعركة هرمجدون
942 _2ddc
_cBK
999 _c5929
_d5929